000 00723nam a2200217Ii 4500
003 JO-AjNU
005 20240110131144.0
008 230605s9999||||xx |||||||||||||| ||und||
040 _aJO-AjNU
_bara
_erda
_cJO-AjNU
041 _aara
050 1 4 _aBP135.A2.N3822
100 3 _aالنووي؛ تحقيق علي خسن علي عبد الرحمن,
_eauthor
_935489
245 0 0 _aما تمس إليه حاجة القارىء لصحيح الإمام البخاري
264 3 1 _aعمان: دار الفكر
300 _a123ص
336 _atext
_btxt
_2rdacontent
337 _aunmediated
_bn
_2rdamedia
338 _avolume
_bnc
_2rdacarrier
650 4 _aالاسلام - الحديث النبوي
_935490
942 _2lcc
_cBK
999 _c18226
_d18226